| 000 | 00708pam a2200229 a 4500 | ||
|---|---|---|---|
| 001 | 3890663 | ||
| 005 | 20180131033445.0 | ||
| 008 | 900924s1990 vtua b 001 0 eng | ||
| 010 | _a 90055400 | ||
| 020 |
_a0882666185 (pbk.) : _c$13.95 |
||
| 020 |
_a0882666193 (hc) : _c$22.95 ($29.95 Can.) |
||
| 040 |
_aDLC _cDLC _dDLC |
||
| 041 | _aeng | ||
| 080 | _a635.7 SHAU | ||
| 082 | 0 | 0 |
_a635.7 SHAU _220 |
| 100 | 1 | _a9 | |
| 101 | _aMJE | ||
| 245 | 1 | 0 |
_aHerbal treasures : _cby Phyllis V. Shaudys. |
| 504 | _aIncludes bibliographical references and index. | ||
| 906 |
_a7 _bcbc _corignew _d1 _eocip _f19 _gy-gencatlg |
||
| 942 |
_2ddc _cBK |
||
| 999 |
_c41316 _d41316 |
||